00725nam a22002417a 4500003000500000005001700005008004100022010001000063011001000073020001500083035001000098040000900108082001500117100002800132245010200160260007100262300003100333490003300364650001600397650002000413650001700433830003300450CHAP20220329142427.0010118d us a r 00110 eng d a83277 a84249 a0412810409 a94768 cCHAP04a581.5bL3500aLangan, Simon J.e, ed.14aThe impact of nitrogen deposition on natural and semi-natural ecosystemsc/ed. by Simon J. Langan aDordrecht, The Netherlands :bKluwer Academic Publishers,cc.1999. a251 p. :bilus. ; gráfs. 0aEnvironmental pollutionv; 314aEcosistema.14aMedio ambiente.14aNitrógeno.00aEnvironmental pollutionv; 3